|
|
|
|
| LEADER |
02027nam a2200481 4500 |
| 001 |
ocn793104040 |
| 003 |
OCoLC |
| 005 |
20170124070416.2 |
| 006 |
m o d |
| 007 |
cr cn||||||||| |
| 008 |
120504s2011 gw o 000 0 ger d |
| 040 |
|
|
|a DG1
|b eng
|c DG1
|d OCLCO
|d OCLCQ
|d OCLCF
|d OCLCA
|d YDXCP
|d OCLCQ
|d DG1
|d GrThAP
|
| 019 |
|
|
|a 904159581
|
| 020 |
|
|
|a 9783433600764
|q (electronic bk.)
|
| 020 |
|
|
|a 3433600767
|q (electronic bk.)
|
| 020 |
|
|
|z 9783433028438
|
| 020 |
|
|
|z 3433028435
|
| 029 |
1 |
|
|a AU@
|b 000049903970
|
| 029 |
1 |
|
|a GBVCP
|b 790037165
|
| 029 |
1 |
|
|a NZ1
|b 15915744
|
| 035 |
|
|
|a (OCoLC)793104040
|z (OCoLC)904159581
|
| 037 |
|
|
|a 10.1002/9783433600764
|b Wiley InterScience
|n http://www3.interscience.wiley.com
|
| 050 |
|
4 |
|a TA663
|b .M65 2011
|
| 082 |
0 |
4 |
|a 624.1/779
|2 23
|
| 049 |
|
|
|a MAIN
|
| 100 |
1 |
|
|a Möller, Ralf.
|
| 245 |
1 |
0 |
|a Planen und Bauen mit Trapezprofilen und Sandwichelementen :
|b Gestaltung, Planung, Ausführung /
|c Ralf Möller, Hans Pöter, Knut Schwarze.
|
| 264 |
|
1 |
|a Berlin :
|b Ernst & Sohn,
|c [2011]
|
| 264 |
|
4 |
|c ©2011
|
| 300 |
|
|
|a 1 online resource
|
| 336 |
|
|
|a text
|b txt
|2 rdacontent
|
| 337 |
|
|
|a computer
|b c
|2 rdamedia
|
| 338 |
|
|
|a online resource
|b cr
|2 rdacarrier
|
| 505 |
0 |
|
|a Einführung -- Beschreibung der Bauelemente und ihrer Aufgaben -- Formteile und Zubehör -- Planen, Gestalten und Konstruieren -- Dachsysteme -- Wandsysteme -- Verbindungen -- Entwässerung -- Montage -- Korrosionsschutz metallischer Deckschichten -- Bauphysik im Metallleichtbau -- Baurechtliche Situation -- Literatur -- Bildnachweis -- Stichwortverzeichnis.
|
| 650 |
|
0 |
|a Lightweight construction.
|
| 650 |
|
7 |
|a Lightweight construction.
|2 fast
|0 (OCoLC)fst00998714
|
| 655 |
|
4 |
|a Electronic books.
|
| 700 |
1 |
|
|a Pöter, Hans.
|
| 700 |
1 |
|
|a Schwarze, Knut.
|
| 710 |
2 |
|
|a Wiley InterScience (Online service)
|
| 776 |
0 |
8 |
|c Original
|z 9783433028438
|z 3433028435
|w (OCoLC)707334765
|
| 856 |
4 |
0 |
|u https://doi.org/10.1002/9783433600764
|z Full Text via HEAL-Link
|
| 994 |
|
|
|a 92
|b DG1
|